Metafísica: una fundamentación metódico-sistemática
Guardat en:
| Autor principal: | |
|---|---|
| Format: | Llibre |
| Idioma: | espanyol |
| Publicat: |
Barcelona
Ariel
1964
|
| Col·lecció: | Colección Convivium, 2
|
| Matèries: | |
| Etiquetes: |
Afegir etiqueta
Sense etiquetes, Sigues el primer a etiquetar aquest registre!
|
MARC
| LEADER | 00000cam a2200000 a 4500 | ||
|---|---|---|---|
| 001 | UCZ2207 | ||
| 003 | CL-VaPUC | ||
| 008 | 950926e19640000SP |||||||||||||||||spa|d | ||
| 082 | 0 | 4 | |a 110 |b COR |2 21 |
| 100 | 0 | |a Coreth, Emerich |e author |9 345999 | |
| 245 | 1 | 0 | |a Metafísica: una fundamentación metódico-sistemática |
| 300 | |a 472 p | ||
| 942 | |c BK | ||
| 945 | |d 19950926 00:00:00 |a cmena | ||
| 260 | |a Barcelona |b Ariel |c 1964 | ||
| 650 | 0 | |a Filosofía |9 223554 | |
| 650 | 0 | |a Metafísica |9 265649 | |
| 650 | 7 | |a SER |2 CL-VaPUC |9 320176 | |
| 650 | 0 | |a Filosofía del espíritu |9 320175 | |
| 650 | 0 | |a Ontología |9 256850 | |
| 583 | |a last modification |c 20151217 11:34:09 |k Rodrigo Vera | ||
| 490 | 0 | |a Colección Convivium, 2 | |
| 999 | |c 238850 |d 238848 | ||
| 952 | |0 0 |1 0 |4 0 |6 110_000000000000000_COR_1964 |7 0 |8 A |9 249403 |a BIBEDU |b BIBEDU |d 2019-11-18 |i 1565699 |l 4 |m 2 |o 110 COR 1964 |p 1565699 |q 2024-08-02 |r 2024-07-03 |s 2024-07-03 |w 2019-11-18 |y BK |k FIL | ||
| 952 | |0 0 |1 0 |3 erd |4 0 |6 110_000000000000000_COR_1964 |7 0 |8 A |9 249404 |a BIBTEO |b BIBTEO |i 5274214 |o 110 COR 1964 |p 5274214 |r 2025-01-17 |w 2019-11-18 |y BK |z Catalogado en:20151218 |k ICR | ||